1650 1284 1787 1283 1320 1044 1950 1479 1121 1450 1964 1632 1898 1003 1000 1177 1470 1386 1586 1924 1471 1072 1510 1046 1321 1820 1274 1017 1979 1413 1127 1630 1050 1854 1686 1543 1746 1578 1167 1888 1121 1773 1159 1569 1811 1117 1571 1535 1764 1258 1165 1607 1417 1166 1810 1071 1763 1327 1633 1059 1878 1381 1925 1070 1303 1138 1130 1379 1931 1130 1600 1671 1044 1283 1894 1121 1520 1219 1417 1133 1618 1188 1017 1294 1112 1689 1626 1073 1358 1348 1701 1022 1971 1666 1532 1108 1072 1898 1865 BCNSPRNW ULIB Ver.6.0+V

เปลี่ยนเป็นภาษาไทย

Change to English
 แสดงรายละเอียดบรรณานุกรม
  กลับหน้าหลัก

Brief Record : Get Marc (ISO 2709) : E-mail record : QR code < ปิดหน้าต่าง
LEADER : 00000nam 2200000uu 4500
001    13399126436
003     ULIB
008    180916s2018||||th 000 0 tha d
020    ^a9781496351364
060    ^aWY86^bL913L
100    ^aLucy Hood RN, DNSc
245    ^aLeddy & Pepper s Professional Nursing
250    ^a9th ed
260    ^aPhiladelphia :^bWolters Kluwer,^c2018
300    ^a610 pages;^b26 cm
650    ^aNursing Theory
650    ^aNursing-trends
945    ^p0^l0^i26638
999    ^aกัณชพร จุลอักษร
รายการนี้ยังไม่มีแท็ก
คุณยังไม่ได้ล็อกอิน คุณสามารถมีกิจกรรมร่วมกับเว็บไซต์ได้ แต่ต้องล็อกอินก่อน ::
  ล็อกอิน

รายการสื่อสารสนเทศ

ลำดับที่ ประเภท เลขเรียก/บาร์โค้ด สถานที่ สถานะ
1. หนังสือสำรอง
หนังสือสำรอง
WY86 L913L ฉ.1 
  Barcode: 26638
ห้องสมุดวิทยาเขตนครสวรรค์
►หนังสือทั่วไป:l:General Books
บนชั้น

รายการใกล้เคียง
    ชื่อเรื่อง [Leddy & Pepper s Professional Nursing]

    ผู้แต่ง [Lucy Hood RN, DNSc]

    หัวเรื่อง [Nursing Theory]
    หัวเรื่อง [Nursing-trends]

BibComment


ยังไม่เคยถูกคอมเมนท์

คอมเมนท์ทรัพยากรรายการนี้
  คอมเมนท์: Leddy Pepper s ..


 Copyright 2026. Bcnsprnw @Library